Výmena vertikálneho vzduchového piestu za servo pohon v spoločnosti Schaeffler s.r.o.

Gespeichert in:
Bibliographische Detailangaben
1. Verfasser: Spevák, Richard (Verfasst von)
Weitere Verfasser: Holubek, Radovan (Betreuung Doktorarbeit)
Format: Manuskript Buch
Sprache:Slowakisch
Veröffentlicht: 2019
Schlagworte:
Online-Zugang:http://is.stuba.sk/zp/portal_zp.pl?podrobnosti=134454
Tags: Tag hinzufügen
Keine Tags, Fügen Sie das erste Tag hinzu!

MARC

LEADER 00000ntm a22000003a 4500
001 stuzp72870
003 SK-STU
005 20190622211105.8
007 ta
008 150427s2015----xo-----f-mn---000-0-slo-d
040 |a STU  |b slo 
041 0 |a slo 
100 1 |a Spevák, Richard  |u 063000  |4 aut  |U MTF Materiálovotechnologická fakulta  |T MTF Ústav výrobných technológií  |X 85570  |U M3000  |Y 83  |7 85570 
242 0 1 |a Replacement of the vertical pneumatic actuator behind servo drive in the Schaeffler company s.r.o.  |y eng 
245 1 0 |a Výmena vertikálneho vzduchového piestu za servo pohon v spoločnosti Schaeffler s.r.o. 
260 |c 2019 
650 4 |a technológie  |2 slo 
650 4 |a vertikálny vzduchový piest  |2 slo 
650 4 |a servo pohon  |2 slo 
650 4 |a elektrická energia  |2 slo 
650 4 |a technology  |2 eng 
650 4 |a vertical air piston  |2 eng 
650 4 |a servo drive  |2 eng 
650 4 |a electric power  |2 eng 
700 1 |a Holubek, Radovan  |u 063800  |k Z2  |4 ths  |U MTF Ústav výrobných technológií  |T MTF Katedra výrobných zariadení a systémov  |X 4311  |U M3800  |Y 660  |7 A000004311 
856 4 |u http://is.stuba.sk/zp/portal_zp.pl?podrobnosti=134454 
996 |c M* BP-8673  |l MMSKP  |s P  |a 0  |w stuzp72870_0001